000 00470nam a2200181Ia 4500
001 45173
008 140428s9999 xx 000 0 und d
020 _aNA
040 _cPK-LaUMT
082 _aRHC 891.4393
_bRAZ-B
100 _aRazia Faseh Ahmed
245 _aBe simat musaafar (Urdu)
_bafsaanay
_cRazia Faseh Ahmed
260 _aKarachi,Pakistan:
_bMaktaba Asloob,
_c1978
300 _a160 p.
546 _aUR
650 _aPakistani literature-Urdu
942 _cBK
999 _c43144
_d43144